What every new manager needs to know making a successful transition to management /

Bibliographic Details
Main Author: Gaynor, Gerard H.
Corporate Author: ProQuest (Firm)
Format: Electronic eBook
Language:English
Published: New York : American Management Association, 2004.
Subjects:
Online Access:Click to View
LEADER 01206nam a2200337Ia 4500
001 EBC3001751
003 MiAaPQ
005 20200520144314.0
006 m o d |
007 cr cn|||||||||
008 030507s2004 nyu s 001 0 eng d
020 |z 9780814427439 
020 |z 081447179X 
035 |a (MiAaPQ)EBC3001751 
035 |a (Au-PeEL)EBL3001751 
035 |a (CaPaEBR)ebr10052844 
035 |a (OCoLC)929146478 
040 |a MiAaPQ  |c MiAaPQ  |d MiAaPQ 
050 4 |a HD31  |b .G3832 2004 
082 0 4 |a 658.4  |2 21 
100 1 |a Gaynor, Gerard H. 
245 1 0 |a What every new manager needs to know  |h [electronic resource] :  |b making a successful transition to management /  |c Gerard H. (Gus) Gaynor. 
260 |a New York :  |b American Management Association,  |c 2004. 
300 |a xvi, 237 p. 
500 |a Includes index. 
533 |a Electronic reproduction. Ann Arbor, MI : ProQuest, 2015. Available via World Wide Web. Access may be limited to ProQuest affiliated libraries. 
650 0 |a Leadership. 
650 0 |a Management. 
655 4 |a Electronic books. 
710 2 |a ProQuest (Firm) 
856 4 0 |u https://ebookcentral.proquest.com/lib/matrademy/detail.action?docID=3001751  |z Click to View